Państwa Sojuszu Północnoatlantyckiego [NATO] - Statystyki

Ogólne statystyki
  • Ten quiz został rozwiązany 167 razy
    23 od ostatniego zresetowania
  • Średni wynik to 31 z 32
Statystyki odpowiedzi
Kontynent Państwo % Poprawnych
Europa Albania
100%
Europa Belgia
100%
Europa Czechy
100%
Europa Estonia
100%
Europa Hiszpania
100%
Europa Holandia
100%
Ameryka Północna Kanada
100%
Europa Litwa
100%
Europa Łotwa
100%
Europa Macedonia Północna
100%
Europa Niemcy
100%
Europa Norwegia
100%
Europa Polska
100%
Europa Portugalia
100%
Ameryka Północna Stany Zjednoczone
100%
Azja Turcja
100%
Europa Wielka Brytania
100%
Europa Bułgaria
95%
Europa Chorwacja
95%
Europa Dania
95%
Europa Finlandia
95%
Europa Grecja
95%
Europa Rumunia
95%
Europa Słowacja
95%
Europa Słowenia
95%
Europa Szwecja
95%
Europa Węgry
95%
Europa Włochy
95%
Europa Czarnogóra
89%
Europa Francja
89%
Europa Luksemburg
89%
Europa Islandia
84%
Nie znaleziono quizów pasujących do podanych kryteriów
Rozkład punktacji
Procent ludzi z każdym wynikiem
Percentyl według liczby udzielonych odpowiedzi
Twoja historia wyników
Nie rozwiązałeś tego quizu od ostatniego zresetowania